Statistics for Famous Parent

Click here to take the quiz!

General Stats

  • This quiz has been taken 50 times
  • The average score is 11 of 18

Answer Stats

HintAnswer% Correct
Lourdes, Rocco, David (mother)Madonna
93%
Brooklyn, Romeo, Cruz, Harper (Father)David Beckham
90%
Brooklyn, Romeo, Cruz, Harper (Mother)Victoria Beckham
90%
Keifer (Father)Donald Sutherland
88%
Jane, Peter (Father)Henry Fonda
88%
Kate Hudson (Mother)Goldie Hawn
83%
Liza Minnelli (Mother)Judy Garland
83%
Angelina Jolie (Father)Jon Voight
80%
Jaden (Father)Will Smith
80%
Beau, Jeff (Father)Lloyd Bridges
78%
Chaz, Elijah Blue (Mother)Cher
58%
Miley (Father)Billy Ray Cyrus
53%
Jessica, Louis, Aimee, Kelly, Jack (Father)Ozzy Osbourne
45%
Natasha Richardson (Mother)Vanessa Redgrave
43%
Melanie Griffith (Mother)Tippi Hedren
40%
Kai, Klay, Kit, Cass (Father)Wayne Rooney
28%
Lara, Milo, Cassia, Theodore, Wilfrid, Romy (Father)Boris Johnson
15%
Mimi, Brooklyn, Amanda Grace (Mother)Donna Summer
8%

Score Distribution

Percentile by Number Answered

Percent of People with Each Score

Your Score History

You have not taken this quiz